[Event "Reykjavik op"]
[Site "Reykjavik"]
[Date "2023.04.03"]
[Round "8"]
[White "Bryant, Harry"]
[Black "Endeberg, Ivar"]
[Result "0-1"]
[WhiteElo "1652"]
[BlackElo "1302"]
[PlyCount "58"]
[EventDate "2023.03.29"]
[EventType "swiss"]
[EventRounds "9"]
[EventCountry "ISL"]
[SourceTitle "EXT 2024"]
[Source "ChessBase"]
[SourceDate "2023.10.10"]
[SourceVersion "1"]
[SourceVersionDate "2023.10.10"]
[SourceQuality "1"]

1. e4 d5 2. exd5 Nf6 3. d4 Bg4 4. Bb5+ Nbd7 5. f3 Bf5 6. Nc3 a6 7. Ba4 b5 8. Bb3 Nb6 9. Nge2 Nbxd5 10. Nxd5 Nxd5 11. 0-0 g6 12. Ng3 Qd7 13. c4 bxc4 14. Bxc4 Be6 15. Ne4 Bg7 16. Nc5 Qd6 17. Qa4+ c6 18. Bxa6 Bc8 19. Qc4 0-0 20. Bxc8 Rfxc8 21. Rd1 Rcb8 22. a3 Rb5 23. b4 Rxb4 24. axb4 Rxa1 25. Nb3 Ne3 26. Qc3 Nxd1 27. Qxa1 Qxb4 28. Qa8+ Bf8 29. Qa2 Qe1# 0-1

[Event "NOR-ch Class5"]
[Site "Oslo"]
[Date "2015.07.08"]
[Round "6"]
[White "Endeberg, Ivar"]
[Black "Munk, Christopher"]
[Result "0-1"]
[WhiteElo "958"]
[BlackElo "841"]
[PlyCount "66"]
[EventDate "2015.07.04"]
[EventType "swiss"]
[EventRounds "9"]
[EventCountry "NOR"]
[SourceTitle "EXT 2017"]
[Source "ChessBase"]
[SourceDate "2016.10.25"]
[SourceVersion "1"]
[SourceVersionDate "2016.10.25"]
[SourceQuality "1"]

1. e4 e6 2. d4 d5 3. Nc3 Nf6 4. Bg5 Be7 5. Bb5+ c6 6. Bxf6 Bxf6 7. e5 Be7 8. Bd3 a6 9. f4 c5 10. Qg4 g6 11. Nf3 h5 12. Qh3 Nc6 13. 0-0-0 cxd4 14. Ne2 Bc5 15. g4 Qb6 16. gxh5 Rxh5 17. Qg3 Rh8 18. Bxg6 Rg8 19. Bxf7+ Kxf7 20. Qh4 Rg7 21. Qf6+ Kg8 22. Rdg1 Bf8 23. Rxg7+ Bxg7 24. Rg1 Qc7 25. h4 Qf7 26. Qg5 Kh7 27. Ng3 Qg6 28. h5 Qxg5 29. fxg5 Bxe5 30. g6+ Kh6 31. Nxe5 Nxe5 32. Nf5+ exf5 33. g7 Be6 0-1